000 00290nam a22001337a 4500
008 181106b xxu||||| |||| 00| 0 eng d
020 _a9780965431491
041 _aeng
080 _a941
100 _a16
101 _aHIS
245 _aDiscover Your Genius
_cGelb.M.J
942 _2udc
_cBK
999 _c51955
_d51955